| 000 | 01082nam a22002537a 4500 | ||
|---|---|---|---|
| 005 | 20090825120337.0 | ||
| 008 | 090728t xxu||||| |||| 00| 0 pun d | ||
| 010 | _aPUN-6524 | ||
| 020 |
_c150.00 _a9788175381087 |
||
| 035 | _aPN-5642 | ||
| 037 | _bDBAD / PUB | ||
| 040 |
_adpl _bpn |
||
| 082 | _a857 | ||
| 100 |
_924414 _aਅਸ਼ੋਕ ਚਰਨ ' ਆਲਮਗੀਰ ' |
||
| 245 |
_aਮਾਰਫਤ ਲੋਟਾ ਸਿੰਘ / _cਅਸ਼ੋਕ ਚਰਨ ' ਆਲਮਗੀਰ ' |
||
| 246 |
_aMarfat lota singh _bby Ashok charan ' Alamgir' |
||
| 260 |
_aਚੰਡੀਗਡ਼ _bਲੋਕਗੀਤ ਪ੍ਰਕਾਸ਼ਨ _c2010 |
||
| 270 |
_as.c.o-26-27, Sector-34-A, _bਚੰਡੀਗਡ਼ _e160022 _k01624-682954, 09781534406 |
||
| 300 | 4 |
_a108 ਸਫੇ _c22 ਸੇਮੀ (ਸਜਿਲੱਦ) |
|
| 650 |
_924412 _aਪੰਜਾਬੀ ਸਾਹਿਤ |
||
| 650 |
_aSatirical Essays _924431 |
||
| 942 |
_2ddc _cPN _h857 _mਅਸ਼ੋਕ |
||
| 999 |
_c48921 _d48921 |
||